[Event "Sauerland Bezirksklasse"]
[Site "Sauerland"]
[Date "2000.11.19"]
[Round "3"]
[White "Funke, Otto Hermann"]
[Black "Radczewill, Horst"]
[Result "1/2-1/2"]
[WhiteElo "1613"]
[BlackElo "1556"]
[PlyCount "47"]
[EventDate "2000.09.03"]
[EventType "team"]
[EventRounds "7"]
[EventCountry "GER"]
[SourceTitle "EXT 2007"]
[Source "ChessBase"]
[SourceDate "2006.11.23"]
[SourceVersion "1"]
[SourceVersionDate "2006.11.23"]
[SourceQuality "1"]
[WhiteTeam "Plettenberg IV"]
[BlackTeam "Halver III"]
[WhiteTeamCountry "GER"]
[BlackTeamCountry "GER"]

1. e4 c5 2. c4 Nc6 3. Nc3 d6 4. d3 g6 5. Be2 Bg7 6. Bd2 Nf6 7. Nf3 0-0 8. h3 Bd7 9. 0-0 Qc8 10. Rb1 a6 11. Nh2 Nd4 12. Be3 e6 13. Bf3 Rb8 14. Bxd4 cxd4 15. Ne2 e5 16. Ng3 Bh6 17. Ng4 Nxg4 18. Bxg4 Bg7 19. Bxd7 Qxd7 20. Qd2 b5 21. b3 Qe7 22. Qa5 Bh6 23. Qe1 b4 24. Qe2 1/2-1/2